| 000 | 00671pam a2200229 a 4500 | ||
|---|---|---|---|
| 001 | 3432959 | ||
| 005 | 20180309074940.0 | ||
| 008 | 910618s1991 caua b 001 0 eng | ||
| 010 | _a 91025336 | ||
| 020 | _a0201578883 | ||
| 040 |
_aDLC _cDLC _dDLC |
||
| 041 | _aeng | ||
| 080 | _a515 | ||
| 082 | 0 | 0 |
_a515 KAP _220 |
| 100 | 1 | _a36 | |
| 101 | _aMAT | ||
| 245 | 1 | 0 |
_aAdvanced calculus / _cWilfred Kaplan. |
| 504 | _aIncludes bibliographical references and index. | ||
| 906 |
_a7 _bcbc _corignew _d1 _eocip _f19 _gy-gencatlg |
||
| 942 |
_2ddc _cBK |
||
| 999 |
_c44598 _d44598 |
||